=LDR 00000nam 2200000 4500 =001 INLIS000000000044468 =005 20131008105918 =008 ***********************************Eng** =035 ##$$0010-101300000002390 =041 ##$$a Eng =082 ##$$a 320.973 =090 ##$$a 320.973 , Mas i =100 ##$$a Mason, Alpheus Thomas Mason =245 ##$$a In Quest of Freedom , Alpheus Thomas Mason =850 ##$$a NBPNMAT